000 00671aas a2200205 4500
999 _c3016
_d3016
003 BR-BrBNA
005 20230317233658.0
007 ta
008 230119b bl ||||| |||| 00| 0 por d
035 _a000485-5
040 _aBR-BrBNA
_bPor
_cBR-BrBNA
042 _aN
044 _abl
245 _aInformações Técnicas - Empresa de Assistência Técnica e Extensão Rural do Estado do Maranhão (Brazil)
260 _bEmpresa de Assistência Técnica e Extensão Rural do Estado do Maranhão
_c1991. Data final de publicação em 1994
_eBMA
310 _airregular
505 _a1991 (2); 1992 (1,4,6); 1993 (1,5); 1994 (7);
909 _a56
_bSergio Santos
_c56
_dSergio Santos
942 _cCR
_2AGRIS